[Event "SPICE Cup Open 2017"]
[Site "Saint Louis USA"]
[Date "2017.10.22"]
[Round "3.14"]
[White "Colas, Joshua"]
[Black "Chandra, Akshat"]
[Result "0-1"]
[WhiteTitle "FM"]
[BlackTitle "GM"]
[WhiteElo "2242"]
[BlackElo "2483"]
[WhiteFideId "2044447"]
[BlackFideId "25006711"]
[EventDate "2017.10.21"]

1. d4 Nf6 2. Nf3 b6 3. Bf4 Bb7 4. e3 g6 5. Be2 Bg7 6. O-O O-O 7. c4 d6 8. Nc3
Nbd7 9. h3 Ne4 10. Nxe4 Bxe4 11. Qd2 e5 12. Bg3 Qe7 13. Rad1 Rad8 14. Rfe1 h6
15. b4 f5 16. Nh2 g5 17. f3 Bb7 18. Bf2 h5 19. d5 Nf6 20. e4 f4 21. c5 Bc8 22.
Qc2 Qf7 23. Qa4 g4 24. hxg4 hxg4 25. Nxg4 Bxg4 26. fxg4 Nxe4 27. Qc2 Ng3 28.
cxb6 cxb6 29. Bxg3 fxg3 30. Bf3 Qf6 31. Qf5 Qxf5 32. gxf5 Rxf5 33. Re4 Bh6 34.
Rg4+ Kf7 35. Rc4 Kf6 36. b5 Rg8 37. Rd3 Rf4 38. Rxf4+ Bxf4 39. Rc3 Kf5 40. Rc4
Be3+ 41. Kf1 Bd4 42. Ke2 Rh8 43. Kd3 Rh4 44. Rc7 Bc5 45. Rf7+ Kg6 46. Re7 Rd4+
47. Kc3 Ra4 48. Re8 Ra3+ 49. Kd2 Rxf3 50. gxf3 Kf7 0-1

[Event "SPICE Cup Open 2017"]
[Site "Saint Louis USA"]
[Date "2017.10.22"]
[Round "3.15"]
[White "Quintiliano Pinto, Renato R."]
[Black "Wang, Justin"]
[Result "0-1"]
[WhiteTitle "IM"]
[WhiteElo "2451"]
[BlackElo "2254"]
[WhiteFideId "2117568"]
[BlackFideId "30911370"]
[EventDate "2017.10.21"]

1. Nf3 Nf6 2. d4 e6 3. c4 b6 4. g3 Bb7 5. Bg2 Bb4+ 6. Nbd2 O-O 7. O-O d5 8. Ne5
c6 9. Ndf3 Bd6 10. Bf4 dxc4 11. Nxc4 Bxf4 12. gxf4 Na6 13. Rc1 Qe7 14. Nfe5 Nd5
15. Nd3 Rfd8 16. Qb3 Rac8 17. Nce5 Rc7 18. Qa4 Rdc8 19. Rfd1 f6 20. Nf3 c5 21.
Nd2 cxd4 22. Rxc7 Rxc7 23. Qxd4 Nc5 24. Nxc5 bxc5 25. Qa4 Bc6 26. Qb3 Rb7 27.
Qa3 Rb4 28. e3 Qb7 29. Nb3 Qb6 30. f5 Rg4 31. Nxc5 Rxg2+ 32. Kxg2 Nxe3+ 33. Kg1
Nxd1 34. b4 Qd8 35. Qg3 Nc3 0-1

[Event "SPICE Cup Open 2017"]
[Site "Saint Louis USA"]
[Date "2017.10.22"]
[Round "3.16"]
[White "Barcenilla, Rogelio"]
[Black "Guo, Arthur"]
[Result "1-0"]
[WhiteTitle "GM"]
[BlackTitle "FM"]
[WhiteElo "2446"]
[BlackElo "2219"]
[WhiteFideId "5200059"]
[BlackFideId "30903114"]
[EventDate "2017.10.21"]

1. e4 c5 2. c4 Nc6 3. Nc3 g6 4. g3 Bg7 5. Bg2 d6 6. d3 Nf6 7. Nge2 O-O 8. O-O
Rb8 9. h3 a6 10. a4 Nd4 11. Nxd4 cxd4 12. Nd5 Nxd5 13. exd5 b5 14. cxb5 axb5 15.
a5 b4 16. Bd2 Ba6 17. Qb3 Qd7 18. Rfc1 Qf5 19. Be4 Qxh3 20. Rc6 Ra8 21. Qxb4 h5
22. Re1 h4 23. Bg2 Qg4 24. gxh4 Be5 25. Re4 Qd1+ 26. Re1 Qg4 27. Rxa6 Rxa6 28.
Qb7 Raa8 29. Qxe7 Kg7 30. Qg5 Qd7 31. h5 Rh8 32. h6+ Kh7 33. f4 f6 34. Qg3 Rab8
35. b4 Rhe8 36. fxe5 dxe5 37. Rc1 Rbc8 38. Rc6 Rxc6 39. dxc6 Qf7 40. b5 f5 41.
b6 e4 42. b7 e3 43. Be1 f4 44. Qh3 Qc7 45. Qd7+ Qxd7 46. cxd7 1-0

[Event "SPICE Cup Open 2017"]
[Site "Saint Louis USA"]
[Date "2017.10.22"]
[Round "3.17"]
[White "Betaneli, Alexander"]
[Black "Sturt, Raven"]
[Result "1/2-1/2"]
[WhiteTitle "FM"]
[WhiteElo "2204"]
[BlackElo "2446"]
[WhiteFideId "2012359"]
[BlackFideId "2007304"]
[EventDate "2017.10.21"]

1. e4 e5 2. Nf3 Nc6 3. Nc3 Nf6 4. d4 exd4 5. Nxd4 Bb4 6. Nxc6 bxc6 7. Bd3 d5 8.
exd5 cxd5 9. O-O O-O 10. h3 h6 11. Qf3 Re8 12. Bf4 c6 13. Rfe1 Be6 14. a3 Bd6
15. Ne2 c5 16. c3 a5 17. Rad1 Rb8 18. Bc1 Nd7 19. Qh5 Qf6 20. f4 d4 21. Bc2 Bc4
22. Qf3 Bxe2 23. Rxe2 Rxe2 24. Qxe2 Bxf4 25. Bxf4 Qxf4 26. cxd4 cxd4 27. Qe4 Qg3
28. Qxd4 Nf8 29. Rf1 Ne6 30. Qf2 Qc7 31. Be4 Rb5 32. Bf5 Nf8 33. Bb1 Rb6 34. Ba2
Rf6 35. Qe3 Rxf1+ 36. Kxf1 Qc2 37. Qe2 Qc1+ 38. Kf2 a4 39. g3 Ng6 40. Kg2 Qc8
41. b3 Qc6+ 42. Kh2 Kf8 43. bxa4 Qxa4 44. Qc4 Qa7 45. Qc8+ Ke7 46. Qf5 Ke8 47.
Bc4 Qc7 48. Ba6 Ke7 49. Qe4+ Ne5 50. Qb7 Kd6 51. Qxc7+ Kxc7 52. Be2 Kb6 53. g4
Ka5 54. Bd1 f6 55. Kg3 g5 56. h4 Nc4 57. hxg5 fxg5 58. Kf3 Ne5+ 59. Ke4 Nxg4 60.
Bxg4 1/2-1/2

[Event "SPICE Cup Open 2017"]
[Site "Saint Louis USA"]
[Date "2017.10.22"]
[Round "3.18"]
[White "Kavutskiy, Konstantin"]
[Black "Yoo, Christopher Woojin"]
[Result "1-0"]
[WhiteTitle "IM"]
[BlackTitle "FM"]
[WhiteElo "2390"]
[BlackElo "2194"]
[WhiteFideId "2026384"]
[BlackFideId "30909694"]
[EventDate "2017.10.21"]

1. d4 Nf6 2. c4 g6 3. Nc3 d5 4. cxd5 Nxd5 5. e4 Nxc3 6. bxc3 Bg7 7. Qa4+ Nd7 8.
Nf3 O-O 9. Be2 c5 10. O-O Qc7 11. Bg5 Nf6 12. d5 b6 13. Qc2 Bb7 14. Rad1 Rfd8
15. c4 Ng4 16. h3 Ne5 17. Nxe5 Bxe5 18. f4 Bg7 19. e5 b5 20. d6 exd6 21. Bxd8
Rxd8 22. Rxd6 Rxd6 23. exd6 Qxd6 24. cxb5 Bd4+ 25. Kh1 Qe7 26. a4 f5 27. Bf3 Be4
28. Qc4+ Kg7 29. Bxe4 fxe4 30. f5 e3 31. fxg6 hxg6 32. a5 Qd7 33. b6 axb6 34.
axb6 Qe7 35. Qb5 Bc3 36. Qb3 Bb4 37. Qb2+ Kh7 38. Qa2 Kg7 39. Qa7 c4 40. Qxe7+
Bxe7 41. b7 Bd6 42. Re1 Bf4 43. Rxe3 1-0

[Event "SPICE Cup Open 2017"]
[Site "Saint Louis USA"]
[Date "2017.10.22"]
[Round "3.19"]
[White "Baginskaite, Camilla"]
[Black "Heimann, Mark"]
[Result "1/2-1/2"]
[WhiteTitle "WGM"]
[BlackTitle "FM"]
[WhiteElo "2140"]
[BlackElo "2363"]
[WhiteFideId "2014599"]
[BlackFideId "2028441"]
[EventDate "2017.10.21"]

1. d4 Nf6 2. c4 e6 3. Nf3 Bb4+ 4. Bd2 a5 5. g3 d5 6. Qc2 Nc6 7. Bg2 dxc4 8. Qxc4
Qd5 9. Qd3 Qf5 10. Qc4 Qd5 11. Qd3 Qf5 1/2-1/2

[Event "SPICE Cup Open 2017"]
[Site "Saint Louis USA"]
[Date "2017.10.22"]
[Round "3.20"]
[White "Wang, Jason"]
[Black "Peng, David"]
[Result "0-1"]
[WhiteTitle "CM"]
[BlackTitle "FM"]
[WhiteElo "2153"]
[BlackElo "2330"]
[WhiteFideId "30908124"]
[BlackFideId "2059355"]
[EventDate "2017.10.21"]

1. d4 Nf6 2. c4 e6 3. Nf3 b6 4. a3 Bb7 5. Nc3 d5 6. cxd5 exd5 7. Bg5 Be7 8. Qa4+
c6 9. e3 O-O 10. Bd3 Nbd7 11. Qc2 c5 12. O-O Ne4 13. Bxe7 Qxe7 14. dxc5 bxc5 15.
Rfd1 f5 16. Rac1 Ndf6 17. Qe2 Rad8 18. Bb1 Kh8 19. Ba2 Rfe8 20. Qc2 Ng4 21. Rf1
d4 22. exd4 cxd4 23. Nb1 d3 24. Qc7 d2 25. Qxe7 Rxe7 26. Rcd1 Ba6 27. Nbxd2 Bxf1
28. Kxf1 Red7 29. Ke2 Ngxf2 30. Rf1 Rxd2+ 0-1

[Event "SPICE Cup Open 2017"]
[Site "Saint Louis USA"]
[Date "2017.10.22"]
[Round "3.21"]
[White "Santarius, Erik"]
[Black "Easton, Jack"]
[Result "1/2-1/2"]
[WhiteTitle "FM"]
[WhiteElo "2318"]
[BlackElo "2162"]
[WhiteFideId "2025817"]
[BlackFideId "30900069"]
[EventDate "2017.10.21"]

1. e4 d5 2. exd5 Qxd5 3. d4 Nc6 4. Ne2 e5 5. Nbc3 Bb4 6. Bd2 Bxc3 7. Bxc3 exd4
8. Nxd4 Nxd4 9. Qxd4 Qxd4 10. Bxd4 Nf6 11. O-O-O O-O 12. Bc4 Be6 13. Bxe6 fxe6
14. Rhe1 Kf7 15. Bxf6 Kxf6 16. Rd7 Rf7 17. Red1 Raf8 18. f3 Re7 19. b4 a6 20.
Rd8 Rxd8 21. Rxd8 e5 22. Rf8+ Ke6 23. Rb8 b6 24. Kd2 Rd7+ 25. Kc3 Rd6 26. Re8+
Kd5 27. Re7 Rg6 28. Rd7+ Kc6 29. Rd2 b5 30. Re2 Kd5 31. Kb3 Rf6 32. Rd2+ Kc6 33.
c4 bxc4+ 34. Kxc4 Rf4+ 35. Kc3 g5 36. Re2 Kd5 37. Rd2+ Kc6 1/2-1/2

[Event "SPICE Cup Open 2017"]
[Site "Saint Louis USA"]
[Date "2017.10.22"]
[Round "3.22"]
[White "Gosdin, Kaleb"]
[Black "Furfine, Jacob"]
[Result "1/2-1/2"]
[BlackTitle "CM"]
[WhiteElo "2011"]
[BlackElo "2297"]
[WhiteFideId "30920442"]
[BlackFideId "2099462"]
[EventDate "2017.10.21"]

1. d4 d5 2. c4 e6 3. Nc3 Be7 4. Nf3 Nf6 5. Bg5 h6 6. Bh4 O-O 7. e3 b6 8. Rc1 Bb7
9. Bxf6 Bxf6 10. cxd5 exd5 11. b4 c6 12. Be2 Nd7 13. Qb3 Re8 14. O-O Nf8 15. b5
c5 16. dxc5 bxc5 17. Rfd1 d4 18. Ne4 Ne6 19. Nxc5 Nxc5 20. Rxc5 Qb6 21. Rdc1
dxe3 22. fxe3 Re7 23. Bc4 Rd8 24. Kh1 g6 25. Bd5 Kg7 26. Bxb7 Qxb7 27. Rc6 1/2-1/2

[Event "SPICE Cup Open 2017"]
[Site "Saint Louis USA"]
[Date "2017.10.22"]
[Round "3.23"]
[White "Plotkin, Victor"]
[Black "Shoykhet, Benjamin"]
[Result "1-0"]
[WhiteTitle "FM"]
[WhiteElo "2262"]
[BlackElo "1819"]
[WhiteFideId "2606674"]
[BlackFideId "30919746"]
[EventDate "2017.10.21"]

1. e4 c5 2. Nf3 g6 3. c3 Bg7 4. d4 cxd4 5. cxd4 d5 6. e5 Nc6 7. h3 f6 8. Bb5 Bd7
9. Qe2 Qb6 10. Nc3 Nxd4 11. Nxd4 Qxd4 12. Bxd7+ Kxd7 13. e6+ Ke8 14. Qb5+ Kf8
15. O-O Rd8 16. Qxb7 Qb6 17. Qxb6 axb6 18. Bf4 d4 19. Rfd1 f5 20. Rac1 Nf6 21.
Rd3 Ne4 22. Nxe4 fxe4 23. Rb3 Bf6 24. Rxb6 Kg7 25. a4 g5 26. Bd2 Rc8 27. Rbc6
Rxc6 28. Rxc6 Rb8 29. b4 Be5 30. b5 Ra8 31. a5 e3 32. fxe3 dxe3 33. Bxe3 Rxa5
34. Bxg5 Rxb5 35. Bxe7 Bg3 36. Kf1 Re5 37. Bb4 Re4 38. Bc3+ Kf8 39. Rb6 Ke7 40.
Bb4+ Kf6 41. e7+ Kf7 42. Rb5 Bh4 43. g4 Bxe7 44. Bd2 Rd4 45. Be3 Re4 46. Kf2 Kg6
47. Rb6+ Kf7 48. Rc6 Bh4+ 49. Kf3 Re6 50. Rc7+ Re7 51. Rc5 Bf6 52. g5 Be5 53.
Kg4 Bg7 54. Bf4 Re6 55. Kf5 Bf8 56. Rb5 Bd6 57. Rb6 Bxf4 58. Rxe6 Bxg5 59. Rb6
h6 60. Rb7+ Kf8 61. Kg6 Ke8 62. Kg7 Kd8 63. Kf7 Kc8 64. Rb4 Kc7 65. h4 Be3 66.
Re4 Bd2 67. Ke6 Kc6 68. Rc4+ Kb5 69. Rc2 Be1 70. h5 Bh4 71. Kf5 Bg5 72. Kg6 Kb6
73. Rc8 1-0

[Event "SPICE Cup Open 2017"]
[Site "Saint Louis USA"]
[Date "2017.10.22"]
[Round "3.24"]
[White "Black, James"]
[Black "Proleiko, Julian"]
[Result "0-1"]
[WhiteElo "2164"]
[BlackElo "2095"]
[WhiteFideId "2048280"]
[BlackFideId "30900255"]
[EventDate "2017.10.21"]

1. c4 c6 2. g3 d5 3. Bg2 Nf6 4. Nf3 Bf5 5. cxd5 cxd5 6. Qb3 Nc6 7. O-O Qd7 8. d3
g6 9. Bf4 Bg7 10. Ne5 Nxe5 11. Bxe5 Be6 12. Rc1 O-O 13. Na3 Rfc8 14. Nc2 Bh6 15.
e3 Ng4 16. Bd4 a5 17. Na3 Bg7 18. Nb5 f6 19. Rxc8+ Rxc8 20. Nc3 Rd8 21. Bh3 f5
22. Nb5 Bxd4 23. Nxd4 Bf7 24. Qb5 Qxb5 25. Nxb5 Rc8 26. Bxg4 fxg4 27. Nc3 e6 28.
d4 g5 29. Kf1 Bg6 30. Ke1 Kg7 31. Rc1 Rc4 32. Kd2 a4 33. Ne2 Rb4 34. Rc7+ Kf6
35. Kc1 a3 36. b3 e5 37. dxe5+ Kxe5 38. Nd4 Rb6 39. Re7+ Kf6 40. Rd7 Ke5 41. Rc7
Kf6 42. Rd7 Be4 43. Kd2 Bb1 44. Rxd5 Bxa2 45. Rf5+ Kg6 46. Ra5 Bxb3 47. Ra7 Bf7
48. e4 Rb1 49. Rxa3 h5 50. e5 Bd5 51. Ra5 Bg2 52. e6 Bf3 53. Nxf3 gxf3 54. Re5
Rb2+ 55. Kd3 Re2 56. Rxe2 fxe2 57. Kxe2 Kf6 58. f4 gxf4 59. gxf4 Kxe6 0-1

[Event "SPICE Cup Open 2017"]
[Site "Saint Louis USA"]
[Date "2017.10.22"]
[Round "3.25"]
[White "Polgar-Shutzman, Tom"]
[Black "Tsay, Vincent"]
[Result "1/2-1/2"]
[BlackTitle "FM"]
[WhiteElo "2055"]
[BlackElo "2265"]
[WhiteFideId "2064880"]
[BlackFideId "30931835"]
[EventDate "2017.10.21"]

1. e4 e6 2. d4 d5 3. exd5 exd5 4. Nf3 Nc6 5. Bb5 Bd6 6. c4 dxc4 7. d5 a6 8. Ba4
b5 9. dxc6 bxa4 10. O-O Ne7 11. Qxa4 Be6 12. Nc3 O-O 13. Ng5 Bf5 14. Nge4 Nd5
15. Nxd6 Nxc3 16. Qxc4 Ne2+ 17. Qxe2 Qxd6 18. Qf3 Qg6 19. Bf4 Rfc8 20. Rfe1 Be6
21. Re5 Rab8 22. Qc3 h6 23. Re3 Qh5 24. Rg3 g6 25. Re1 Rb5 26. b4 Rd5 27. h3 Rd1
28. Rxd1 Qxd1+ 29. Kh2 Qh5 30. Bc1 Kh7 31. Bb2 Rg8 32. Rf3 Qg5 33. Rf6 Bd5 34.
Qf3 Rf8 35. Qg3 Qxg3+ 36. Kxg3 Bxa2 37. Be5 Bd5 38. Bxc7 Rc8 39. Be5 Rxc6 40.
Rxc6 1/2-1/2

[Event "SPICE Cup Open 2017"]
[Site "Saint Louis USA"]
[Date "2017.10.22"]
[Round "3.26"]
[White "Swindell, Shawn"]
[Black "Rosenthal, Nicholas"]
[Result "0-1"]
[WhiteElo "2018"]
[BlackElo "2164"]
[WhiteFideId "2064588"]
[BlackFideId "2045150"]
[EventDate "2017.10.21"]

1. b3 d5 2. Bb2 c5 3. e3 Nc6 4. f4 Nf6 5. Nf3 e6 6. Be2 Bd6 7. O-O Qe7 8. Ne5
O-O 9. Qe1 Nd7 10. Nf3 e5 11. fxe5 Ndxe5 12. Nc3 Be6 13. Kh1 Rad8 14. Qh4 Nxf3
15. Qxe7 Bxe7 16. Bxf3 Bf6 17. Na4 Bxb2 18. Nxb2 Bf5 19. Na4 b6 20. d3 Ne5 21.
Nc3 Nxf3 22. Rxf3 Bg6 23. Ne2 Bh5 24. Rf2 Rfe8 25. Nf4 Bg4 26. h3 Bc8 27. Rf3 d4
28. Re1 Re5 29. Rg3 Rde8 30. e4 f5 31. Nh5 R8e7 32. Rf1 g6 33. Nf6+ Kg7 34. Nd5
Rd7 35. Rf4 Bb7 36. Rh4 Bxd5 37. exd5 Re2 0-1

[Event "SPICE Cup Open 2017"]
[Site "Saint Louis USA"]
[Date "2017.10.22"]
[Round "3.27"]
[White "Mathur, Rithwik"]
[Black "Cervantes Landeiro, Thalia"]
[Result "1-0"]
[BlackTitle "WFM"]
[WhiteElo "1986"]
[BlackElo "2107"]
[WhiteFideId "30913667"]
[BlackFideId "3520498"]
[EventDate "2017.10.21"]

1. Nf3 Nf6 2. c4 g6 3. Nc3 d5 4. cxd5 Nxd5 5. Qb3 Nb6 6. d4 Bg7 7. Bf4 O-O 8.
Rd1 a5 9. e4 Bg4 10. Be2 N8d7 11. h3 Bxf3 12. Bxf3 Qc8 13. O-O e5 14. dxe5 Nxe5
15. Be2 a4 16. Qb5 Qe6 17. Nd5 Nxd5 18. exd5 Qf5 19. Be3 c6 20. dxc6 bxc6 21.
Qc5 Rfe8 22. Rfe1 Bf8 23. Qc3 Rab8 24. a3 Bg7 25. Bd4 Rb3 26. Qc1 Reb8 27. Bc3
h5 28. f4 Nd7 29. Bxg7 Kxg7 30. Qxc6 Qc5+ 31. Qxc5 Nxc5 32. Bc4 Rxb2 33. Re7
R8b7 34. Rxb7 Rxb7 35. Rd5 Rb1+ 36. Kh2 Ne6 37. Rd7 Rb6 38. Ra7 Kf6 39. Rxa4
Nxf4 40. Ra6 Rxa6 41. Bxa6 Ke5 42. Bc4 g5 43. Kg3 Nd5 44. Bxd5 Kxd5 1-0

[Event "SPICE Cup Open 2017"]
[Site "Saint Louis USA"]
[Date "2017.10.22"]
[Round "3.28"]
[White "Voelker, James"]
[Black "Mercado, Luisa Fernanda"]
[Result "1-0"]
[BlackTitle "WFM"]
[WhiteElo "2098"]
[BlackElo "1944"]
[WhiteFideId "2018853"]
[BlackFideId "4400984"]
[EventDate "2017.10.21"]

1. e4 e5 2. Nf3 Nf6 3. d4 exd4 4. e5 Ne4 5. Qxd4 d5 6. exd6 Nxd6 7. Nc3 Nc6 8.
Qf4 Nf5 9. Bb5 Bd6 10. Qe4+ Qe7 11. O-O Qxe4 12. Nxe4 O-O 13. Nxd6 Nxd6 14. Be2
Nb4 15. Bf4 Nxc2 16. Rac1 Nb4 17. Rxc7 Nf5 18. Rc4 Nd5 19. Bc1 Be6 20. Ng5 Bd7
21. Rd1 Bc6 22. b3 h6 23. Nf3 Rfe8 24. Bf1 Red8 25. Rc5 Nde7 26. Rxd8+ Rxd8 27.
Ne5 Rd1 28. Nxc6 Nxc6 29. g3 Nfd4 30. Kg2 b6 31. Rc3 Nb4 32. a3 Nbc2 33. Be3
Ne1+ 34. Kh3 Ndf3 35. g4 h5 36. gxh5 Rd5 37. Kg3 Rxh5 38. Be2 Rf5 39. h4 Rf6 40.
h5 1-0

[Event "SPICE Cup Open 2017"]
[Site "Saint Louis USA"]
[Date "2017.10.23"]
[Round "4.1"]
[White "Bruzon Batista, Lazaro"]
[Black "Durarbayli, Vasif"]
[Result "1-0"]
[WhiteTitle "GM"]
[BlackTitle "GM"]
[WhiteElo "2660"]
[BlackElo "2630"]
[WhiteFideId "3503739"]
[BlackFideId "13402935"]
[EventDate "2017.10.21"]

1. e4 c5 2. Nf3 Nc6 3. Bb5 g6 4. O-O Bg7 5. Nc3 Nf6 6. e5 Ng4 7. Bxc6 dxc6 8.
Re1 O-O 9. d3 Nh6 10. h3 Nf5 11. Bf4 Be6 12. Ne4 b6 13. c3 Bh8 14. g4 Ng7 15. d4
cxd4 16. Nxd4 Bd5 17. Bg5 Bxe4 18. Rxe4 Qc7 19. Qa4 Rac8 20. Rae1 Qb7 21. Bh6 c5
22. Nf3 b5 23. Qc2 Rfd8 24. Ng5 Qc6 25. Qe2 Ne6 26. Nxe6 Qxe6 27. Qxb5 Rb8 28.
Qa5 Bg7 29. Bc1 Rdc8 30. c4 h5 31. b3 hxg4 32. hxg4 Rb7 33. f3 Rd7 34. Kg2 a6
35. Qc3 Rcd8 36. Qe3 Rd4 37. Rxd4 Rxd4 38. Bb2 Rd8 39. Ba3 f5 40. exf6 Qxe3 41.
Rxe3 Rd2+ 42. Kg3 exf6 43. Bxc5 Rxa2 44. Re8+ Kf7 45. Re7+ Kg8 46. Rb7 Bh6 47.
Bd4 Bd2 48. f4 f5 49. Rg7+ Kf8 50. Rxg6 Be1+ 51. Kf3 Rd2 52. Bc5+ Kf7 53. Rxa6
Bh4 54. gxf5 Rd3+ 55. Kg4 Bd8 56. Rd6 1-0

[Event "SPICE Cup Open 2017"]
[Site "Saint Louis USA"]
[Date "2017.10.23"]
[Round "4.2"]
[White "Nyzhnyk, Illya"]
[Black "Cori, Jorge"]
[Result "1/2-1/2"]
[WhiteTitle "GM"]
[BlackTitle "GM"]
[WhiteElo "2594"]
[BlackElo "2657"]
[WhiteFideId "14118084"]
[BlackFideId "3802272"]
[EventDate "2017.10.21"]

1. c4 c5 2. Nc3 g6 3. e3 Bg7 4. d4 cxd4 5. exd4 Nf6 6. Bg5 O-O 7. Nf3 d5 8. Bxf6
exf6 9. cxd5 Nd7 10. Be2 Nb6 11. Qb3 a5 12. a4 Qd6 13. O-O Qb4 14. Qa2 Bf5 15.
Rfe1 Rac8 16. h3 Bh6 17. g4 Bd7 18. Ne4 Bg7 19. Nc5 f5 20. g5 f4 21. Nxd7 Nxd7
22. Qa3 Nb6 23. Qxb4 axb4 24. a5 Nxd5 25. Bd1 Nc7 26. Bb3 Nb5 27. Ra4 Nxd4 28.
Nxd4 Bxd4 29. Rxb4 Bxb2 30. Rxb7 Rc5 31. Ree7 Rxg5+ 32. Kf1 Kg7 33. a6 Ra5 34.
a7 f3 35. Red7 Be5 36. Kg1 Kh6 37. Rd1 f6 38. Bd5 Rd8 39. Bxf3 Rxd1+ 40. Bxd1
Bd4 41. Bb3 Bxa7 42. Bg8 Kg5 43. Rxh7 Bd4 44. Rd7 Be5 45. Kg2 Rb5 46. Rd2 Ra5 1/2-1/2

[Event "SPICE Cup Open 2017"]
[Site "Saint Louis USA"]
[Date "2017.10.23"]
[Round "4.3"]
[White "Robson, Ray"]
[Black "Sevian, Samuel"]
[Result "1-0"]
[WhiteTitle "GM"]
[BlackTitle "GM"]
[WhiteElo "2644"]
[BlackElo "2615"]
[WhiteFideId "2023970"]
[BlackFideId "2040506"]
[EventDate "2017.10.21"]

1. e4 e5 2. Nf3 Nc6 3. Bb5 a6 4. Ba4 Nf6 5. O-O Be7 6. Re1 b5 7. Bb3 d6 8. c3
O-O 9. h3 Na5 10. Bc2 c5 11. d4 Qc7 12. d5 c4 13. b4 cxb3 14. axb3 Bd7 15. Ba3
Bd8 16. Nbd2 Qb8 17. b4 Nc4 18. Nxc4 bxc4 19. Ba4 Bb5 20. Bc1 h6 21. Nh4 Bxa4
22. Rxa4 Nxd5 23. exd5 Bxh4 24. Qg4 Qd8 25. Bxh6 Bxf2+ 26. Kf1 Qf6 27. Bg5 Qg6
28. Kxf2 f5 29. Qh4 f4 30. Kg1 Qc2 31. Raa1 f3 32. Qf2 Qxc3 33. Be7 Rf7 34. Bxd6
e4 35. Bc5 Re8 36. Rad1 fxg2 37. Qxg2 e3 38. Qg3 Qb3 39. d6 Qa4 40. Bxe3 Qxb4
41. Qg4 Qb5 42. Rc1 Qa5 43. d7 Rd8 44. Rf1 Rdxd7 45. Qxc4 Qe5 46. Bf4 Qh5 47.
Rc3 Rd5 48. Rg3 Rdf5 49. Rf2 Qd1+ 50. Kg2 Kh8 51. Be3 Qd7 52. Rd2 Qe8 53. Qh4+ 1-0

[Event "SPICE Cup Open 2017"]
[Site "Saint Louis USA"]
[Date "2017.10.23"]
[Round "4.4"]
[White "Swiercz, Dariusz"]
[Black "Prohaszka, Peter2"]
[Result "1-0"]
[WhiteTitle "GM"]
[BlackTitle "GM"]
[WhiteElo "2639"]
[BlackElo "2614"]
[WhiteFideId "1126881"]
[BlackFideId "726265"]
[EventDate "2017.10.21"]

1. c4 c6 2. Nf3 d5 3. e3 Nf6 4. Nc3 g6 5. d4 Bg7 6. Be2 O-O 7. O-O Be6 8. b3 Ne4
9. Bb2 Nxc3 10. Bxc3 Bf5 11. b4 Nd7 12. Qb3 Nf6 13. Rfc1 Ne4 14. Be1 a6 15. a4
Be6 16. Qc2 Bf5 17. Qb2 Be6 18. Ne5 f6 19. Nd3 Nd6 20. Nc5 Bf7 21. cxd5 cxd5 22.
a5 e5 23. Bc3 Qe7 24. b5 axb5 25. Bxb5 Rfc8 26. Bf1 Rc7 27. Na4 exd4 28. exd4
Nc4 29. Bxc4 dxc4 30. Nb6 Rd8 31. Re1 Qd6 32. d5 Re7 33. Red1 Re4 1-0

[Event "SPICE Cup Open 2017"]
[Site "Saint Louis USA"]
[Date "2017.10.23"]
[Round "4.5"]
[White "Quesada Perez, Yuniesky"]
[Black "Azarov, Sergei"]
[Result "1/2-1/2"]
[WhiteTitle "GM"]
[BlackTitle "GM"]
[WhiteElo "2619"]
[BlackElo "2556"]
[WhiteFideId "3504409"]
[BlackFideId "13501470"]
[EventDate "2017.10.21"]

1. e4 e5 2. Nf3 Nc6 3. Bb5 f5 4. Nc3 fxe4 5. Nxe4 d5 6. Nxe5 dxe4 7. Nxc6 Qg5 8.
Qe2 Nf6 9. f4 Qxf4 10. Nxa7+ Bd7 11. Bxd7+ Kxd7 12. Qb5+ Ke6 13. Qb3+ Kd7 14.
Qxb7 Bd6 15. Qb5+ Ke6 16. Qb3+ Kd7 17. Qb5+ Ke6 18. Qb3+ Kd7 19. Qb5+ 1/2-1/2

[Event "SPICE Cup Open 2017"]
[Site "Saint Louis USA"]
[Date "2017.10.23"]
[Round "4.6"]
[White "Li, Ruifeng"]
[Black "Rambaldi, Francesco"]
[Result "1/2-1/2"]
[WhiteTitle "GM"]
[BlackTitle "GM"]
[WhiteElo "2564"]
[BlackElo "2574"]
[WhiteFideId "2061074"]
[BlackFideId "20657307"]
[EventDate "2017.10.21"]

1. e4 e5 2. Nf3 Nc6 3. Bc4 Bc5 4. c3 Nf6 5. d3 O-O 6. Nbd2 a6 7. Bb3 Ba7 8. h3
d6 9. Nf1 d5 10. Qe2 Re8 11. Ng3 h6 12. Nh2 Be6 13. Ng4 Nh7 14. O-O Qd7 15. Qf3
Rad8 16. Nxh6+ gxh6 17. Nh5 Kh8 18. Bxh6 Rg8 19. Nf6 Nxf6 20. Qxf6+ Kh7 21. Qh4
Rg6 22. Bg5+ Kg7 23. Bxd8 Nxd8 24. Kh2 d4 25. f4 exf4 26. Qxf4 Nc6 27. Bxe6 Qxe6
28. Qf5 Qd6+ 29. Kh1 Ne5 30. Rf4 Qe7 31. Raf1 c6 32. Qh5 Qg5 33. Qxg5 Rxg5 34.
g4 Rg6 35. Rf5 f6 36. g5 Rxg5 37. Rxf6 dxc3 1/2-1/2

[Event "SPICE Cup Open 2017"]
[Site "Saint Louis USA"]
[Date "2017.10.23"]
[Round "4.7"]
[White "Wang, Justin"]
[Black "Shimanov, Aleksandr"]
[Result "0-1"]
[BlackTitle "GM"]
[WhiteElo "2254"]
[BlackElo "2640"]
[WhiteFideId "30911370"]
[BlackFideId "4198603"]
[EventDate "2017.10.21"]

1. e4 c6 2. d4 d5 3. Nc3 dxe4 4. Nxe4 Nd7 5. Nf3 Ngf6 6. Nxf6+ Nxf6 7. c3 g6 8.
Bc4 Bg7 9. O-O O-O 10. Re1 Nd5 11. Bg5 Re8 12. Qd2 Bg4 13. Ne5 Be6 14. Bh6 Bf6
15. Rad1 Nc7 16. Bxe6 Nxe6 17. Qe3 Bxe5 18. Qxe5 Qd5 19. f4 Rad8 20. f5 Qxe5 21.
Rxe5 gxf5 22. Rxf5 f6 23. Be3 Rd5 24. Rdf1 Red8 25. g4 Kf7 26. Kg2 Rg8 27. h3
Ng7 28. R5f2 Ne6 29. Rf5 b5 30. b3 Rgd8 31. Kf3 Rxf5+ 32. gxf5 Nc7 33. c4 bxc4
34. bxc4 Ne8 35. Ke4 Rb8 36. d5 Nd6+ 37. Kd4 cxd5 38. c5 Nc4 39. Bf4 Rc8 40. Rb1
Ke8 41. Rb7 Na5 42. Rb5 Nc6+ 43. Kxd5 Nd8 44. a3 Kd7 45. h4 h5 46. Bb8 Rc6 47.
Bxa7 Ra6 48. Bb8 Rxa3 49. Rb6 Rd3+ 50. Ke4 Rd1 51. Bg3 Rg1 52. Bb8 Rf1 53. Bg3
Rh1 54. Kd5 Rh3 55. Bb8 Rd3+ 56. Ke4 Rd2 57. Bg3 Rd1 58. Bb8 Nc6 59. Bg3 Rd4+
60. Ke3 Rd5 61. Ke4 Rxc5 62. Rb7+ Kd8 63. Bf2 Re5+ 64. Kf4 Ke8 65. Rb6 Nd8 66.
Bd4 Ra5 67. Rb8 Ra4 68. Ke3 Kd7 69. Rb6 Nc6 70. Bc5 Ra5 71. Bb4 Re5+ 72. Kf4 Kc7
73. Ra6 Nxb4 74. Ra4 Nd5+ 75. Kf3 Rxf5+ 76. Kg3 Kd6 0-1